000 00725cam a22002291 4500
999 _c6182
_d6182
001 1227240
003 GBCCL
005 20241126110557.0
008 791005s1967 mou 000 0 eng
010 _a 67017974
040 _aDLC
_cDLC
_dDLC
050 0 0 _aBS1424
_b.B7
082 0 0 _a223.2
_bBRA
100 1 _aBrandt, Leslie F.
_97319
245 1 0 _aGood Lord, where are You?:
_bPrayers for the 20th century based on the Psalms /
_c[by] Leslie F. Brandt.
260 _aSt. Louis:
_bConcordia Pub. House,
_c[1967]
300 _a66 p.;
_c20 cm.
650 _aPsalms
_xPrayers
_911112
730 0 2 _aBible.
_pPsalms.
_lEnglish.
_kParaphrases.
_f1967.
_911113
906 _a7
_bcbc
_corignew
_du
_eocip
_f19
_gy-gencatlg
942 _2ddc
_cBK